Statistics for Foo fighters

Click here to take the quiz!

General Stats

  • This quiz has been taken 1,031 times
  • The average score is 40 of 91

Answer Stats

HintAnswer% Correct
Everlong
90%
Echoes, Silence, Patience & GraceThe Pretender
87%
Walk
85%
Monkey Wrench
84%
Learn To Fly
80%
Best Of You
78%
Big Me
78%
One By OneAll My Life
77%
My Hero
76%
Rope
75%
Foo FightersThis Is A Call
68%
Times Like These
66%
In Your HonorIn Your Honor
65%
Arlandria
63%
DOA
63%
White Limo
62%
Long Road To Ruin
60%
Breakout
59%
Wasting LightBridge Burning
58%
For All The Cows
56%
I'll Stick Around
56%
These Days
56%
There Is Nothing Left To LoseStacked Actors
55%
Hey, Johnny Park!
54%
Dear Rosemary
53%
Let It Die
53%
Generator
49%
The Colour And The ShapeDoll
48%
Low
46%
Walking After You
46%
Home
44%
I Should Have Known
44%
Miss The Misery
44%
No Way Back
44%
Weenie Beenie
44%
Alone + Easy Target
43%
Aurora
43%
Back & Forth
43%
Next Year
43%
February Stars
42%
Resolve
42%
X-Static
42%
Come Alive
39%
Exhausted
39%
Watershed
39%
Cheer Up, Boys (Your Make Up Is Running)
38%
Erase/Replace
38%
My Poor Brain
38%
New Way Home
38%
Up In Arms
38%
Enough Space
37%
See You
37%
Cold Day In The Sun
36%
Oh, George
36%
Come Back
35%
M.I.A.
35%
Stranger Things Have Happened
35%
Wind Up
35%
End Over End
34%
Floaty
34%
Statues
34%
Ballad Of The Beaconsfield Miners
32%
Friend Of A Friend
32%
Have It All
32%
Hell
32%
But, Honestly
31%
Disenchanted Lullaby
31%
Halo
31%
Good Grief
30%
Overdrive
30%
Razor
30%
The Deepest Blues Are Black
30%
The Last Song
30%
A Matter Of Time
28%
Gimme Stitches
28%
Miracle
28%
Tired Of You
28%
Virginia Moon
28%
Summer's End
27%
Ain't It The Life
26%
Burn Away
25%
Free Me
25%
Headwires
24%
Lonely As You
23%
In Your Honor (2)Still
23%
Live-In Skin
22%
Over And Out
22%
On The Mend
20%
What If I Do?
20%
Another Round
19%
Once & For All (Demo)
18%

Score Distribution

Percentile by Number Answered

Percent of People with Each Score

Your Score History

You have not taken this quiz